| 000 | 00666nam a22002057a 4500 | ||
|---|---|---|---|
| 999 |
_c11311 _d11311 |
||
| 003 | AR-CdUCM | ||
| 008 | 190403b ||||| |||| 00| 0 spa d | ||
| 040 |
_aMUNICIPALIDAD PROVINCIAL DEL CUSCO _cBIBLIOTECA MUNICIPAL DEL CUSCO |
||
| 082 |
_aC / 869.56 / _bZ38H |
||
| 100 |
_aZarate O´phelan, Luis Aureliano _928623 |
||
| 245 |
_aLos Hércules vencidos del imperio Inca : _bPoemas de Libertad / |
||
| 260 |
_aCusco : _bH. G. Rozas, _c1967. |
||
| 300 |
_a108 páginas ; _bilustraciones, _c21 cm. |
||
| 505 | _aContenido: Poemas. | ||
| 650 |
_aLiteratura Cusqueña _97280 |
||
| 650 |
_aSiglo XX _98 |
||
| 650 |
_aPoemas _9929 |
||
| 942 |
_2ddc _cLIBROS |
||
| 945 | _aachl | ||